[Event "TCh-ESP Div Honor 2015"]
[Site "Linares ESP"]
[Date "2015.08.19"]
[Round "5.2"]
[Board "5"]
[White "Moreno Ruiz, Javier"]
[Black "Gual Pascual, Antonio"]
[Result "1-0"]
[WhiteTitle "IM"]
[BlackTitle "IM"]
[WhiteElo "2467"]
[BlackElo "2439"]
[WhiteTeam "Ajedrez Collado Villalba"]
[BlackTeam "Escola d'escacs de Barcelona"]
[WhiteFideId "2203146"]
[BlackFideId "2200589"]
[EventDate "2015.08.15"]

1. d4 g6 2. e4 Bg7 3. c4 d6 4. Nc3 e5 5. Nge2 Nd7 6. Be3 Ne7 7. g3 O-O 8. Bg2
exd4 9. Bxd4 Ne5 10. O-O N7c6 11. b3 Nxd4 12. Nxd4 Bg4 13. f3 Bd7 14. Qd2 a6 15.
Rad1 Rb8 16. Nde2 Bc6 17. f4 Ng4 18. h3 Nf6 19. e5 Ne8 20. Bxc6 bxc6 21. c5 Qc8
22. g4 dxc5 23. Na4 h5 24. Nxc5 hxg4 25. Nd7 gxh3 26. Kh2 Rb5 27. Nc3 Rd5 28.
Nxd5 Qxd7 29. Nf6+ Nxf6 30. Qxd7 Nxd7 31. Rxd7 g5 32. Rh1 1-0

[Event "TCh-ESP Div Honor 2015"]
[Site "Linares ESP"]
[Date "2015.08.19"]
[Round "5.2"]
[Board "6"]
[White "Aranaz Murillo, Amalia"]
[Black "Ortega Ruiz, Jose Miguel"]
[Result "1/2-1/2"]
[WhiteTitle "WIM"]
[BlackTitle "FM"]
[WhiteElo "2287"]
[BlackElo "2300"]
[WhiteTeam "Escola d'escacs de Barcelona"]
[BlackTeam "Ajedrez Collado Villalba"]
[WhiteFideId "22200371"]
[BlackFideId "2209713"]
[EventDate "2015.08.15"]

1. Nf3 Nf6 2. c4 e6 3. g3 b6 4. Bg2 Bb7 5. O-O c5 6. Nc3 Be7 7. d4 cxd4 8. Qxd4
Nc6 9. Qf4 Nh5 10. Qd2 Nf6 11. Rd1 O-O 12. b3 Bc5 13. e3 Qe7 14. a3 a5 15. Na4
d5 16. Nxc5 bxc5 17. cxd5 exd5 18. Bb2 Ne4 19. Qxd5 Nd4 20. Qe5 Qxe5 21. Nxe5
Nxb3 22. Rab1 Rad8 23. Nc4 a4 24. Be5 f5 25. f3 Ng5 26. Kf2 Nf7 27. Bc3 Rfe8 28.
h4 h6 29. Bf1 Bc6 30. Be2 Kf8 31. Rxd8 Rxd8 32. Rd1 Rxd1 33. Bxd1 g5 34. Bc2 Bb5
35. Nb6 Nd6 36. Be5 Ke7 37. Bg7 gxh4 38. gxh4 h5 39. Nd5+ Kf7 40. Bc3 Bc6 41.
Nf4 Nb5 42. Be5 Nxa3 43. Bxf5 Nb5 44. Nxh5 Nd2 45. e4 Nd4 46. Bxd4 cxd4 47. Nf4
a3 48. Be6+ Kf6 49. Ba2 Bb5 50. Ne2 Ke5 51. h5 Be8 52. h6 Bg6 53. Ng3 Kf4 54.
Ne2+ Ke5 55. Bf7 Bh7 56. Bd5 Nb1 57. Ba2 Nd2 58. Ng3 Kf4 59. Ne2+ Ke5 60. Bd5
Nb1 61. Ke1 d3 62. Ba2 dxe2 63. Bxb1 Kf6 64. Ba2 Kg5 65. Kxe2 Kxh6 66. Ke3 Kg7
67. Kd4 Kf6 68. f4 Bg6 69. Bd5 Ke7 70. Bb3 Kf6 71. Bc4 Bh7 72. Bd5 Ke7 73. Bb3
Kf6 74. Ba2 Bg6 75. Bg8 Ke7 76. e5 Kd7 77. Bd5 Kc7 78. Kc3 Bf5 79. Kb4 Kb6 80.
Ba2 Kc6 81. Kxa3 Kc5 82. Kb2 Kd4 83. Bb1 Bc8 84. Bc2 Ke3 85. Kc3 Kxf4 86. Kd4
Be6 87. Be4 Bd7 88. Bd3 Be6 89. Bh7 Bf7 90. Be4 Be6 91. Bd5 Kf5 92. Bb7 Kf4 93.
Bc6 Kf5 94. Bd5 Bd7 95. Bg2 Kf4 96. Bd5 Kf5 97. Bf7 Be6 98. Be8 Kf4 99. Bg6 Kg5
100. Bh7 Kf4 101. Be4 Bd7 102. Bg6 Be6 103. Bh7 Bf7 104. Be4 Be6 1/2-1/2

[Event "TCh-ESP Div Honor 2015"]
[Site "Linares ESP"]
[Date "2015.08.19"]
[Round "5.3"]
[Board "1"]
[White "Anton Guijarro, David"]
[Black "Harikrishna, Pentala"]
[Result "1/2-1/2"]
[WhiteTitle "GM"]
[BlackTitle "GM"]
[WhiteElo "2635"]
[BlackElo "2740"]
[WhiteTeam "Chess24-VTI-Atocha"]
[BlackTeam "Solvay"]
[WhiteFideId "2285525"]
[BlackFideId "5007003"]
[EventDate "2015.08.15"]

1. e4 e6 2. d4 d5 3. Nd2 c5 4. Ngf3 Nc6 5. exd5 exd5 6. Bb5 Bd6 7. dxc5 Bxc5 8.
O-O Ne7 9. Nb3 Bd6 10. h3 O-O 11. c3 a6 12. Bd3 Bc7 13. Re1 Ng6 14. Bc2 Qd6 15.
Be3 Nce5 16. Nxe5 Qxe5 17. g3 Qe6 18. Bf4 Qd7 19. Bxc7 Qxc7 20. h4 Rd8 21. Nd4
Nf8 22. Qf3 a5 23. Rad1 Ra6 24. Nb5 Qc5 25. a4 Rf6 26. Qe3 Qc6 27. Na7 Qc7 28.
Nxc8 Qxc8 29. Bb3 Qc6 30. Qa7 b6 31. Qe7 Rd7 32. Qe8 Re6 33. Rxe6 fxe6 34. Rd4
Rc7 35. Qxc6 Rxc6 36. f4 g6 37. g4 Kg7 38. f5 gxf5 39. gxf5 exf5 40. Rxd5 Ng6
41. Rxf5 Nxh4 42. Rb5 Rf6 43. Bd1 Nf5 44. b4 axb4 45. cxb4 Nd4 46. Rg5+ 1/2-1/2

[Event "TCh-ESP Div Honor 2015"]
[Site "Linares ESP"]
[Date "2015.08.19"]
[Round "5.3"]
[Board "2"]
[White "Adhiban, Baskaran"]
[Black "Rubio Mejia, Luis Ignacio"]
[Result "1-0"]
[WhiteTitle "GM"]
[BlackTitle "IM"]
[WhiteElo "2643"]
[BlackElo "2458"]
[WhiteTeam "Solvay"]
[BlackTeam "Chess24-VTI-Atocha"]
[WhiteFideId "5018471"]
[BlackFideId "2281228"]
[EventDate "2015.08.15"]

1. e4 c5 2. Nf3 d6 3. d4 cxd4 4. Nxd4 Nf6 5. Nc3 a6 6. h3 e5 7. Nde2 h5 8. Bg5
Be7 9. Ng3 h4 10. Nf5 Bxf5 11. exf5 Nbd7 12. Bc4 Rc8 13. Bb3 Rxc3 14. bxc3 Rh5
15. Be3 Qc7 16. O-O Qxc3 17. Bd5 b6 18. Rb1 Bd8 19. Bf3 Rxf5 20. Qxd6 Rxf3 21.
gxf3 Bc7 22. Qd3 Qc6 23. Qxa6 Bd8 24. Rfd1 Qxf3 25. Qc8 Qxh3 26. Bxb6 Qg4+ 27.
Kf1 Qh3+ 28. Ke1 Qh1+ 29. Kd2 Nxb6 30. Rxb6 Qf3 31. Kc1 Qa3+ 32. Kb1 Qe7 33. Rb7 1-0

[Event "TCh-ESP Div Honor 2015"]
[Site "Linares ESP"]
[Date "2015.08.19"]
[Round "5.3"]
[Board "3"]
[White "Almagro Llamas, Pablo"]
[Black "Ganguly, Surya Shekhar"]
[Result "1/2-1/2"]
[WhiteTitle "IM"]
[BlackTitle "GM"]
[WhiteElo "2433"]
[BlackElo "2631"]
[WhiteTeam "Chess24-VTI-Atocha"]
[BlackTeam "Solvay"]
[WhiteFideId "2221799"]
[BlackFideId "5002150"]
[EventDate "2015.08.15"]

1. Nf3 d5 2. d4 Nf6 3. c4 e6 4. e3 g6 5. Nc3 Bg7 6. Qc2 O-O 7. Bd2 b6 8. Rd1 Bb7
9. Bd3 c5 10. dxc5 Na6 11. Na4 dxc4 12. Bxc4 Nxc5 13. Nxc5 bxc5 14. Bc3 Qe7 15.
O-O Bxf3 16. gxf3 Rfd8 17. Ba5 Rd7 18. Rxd7 Nxd7 19. Rd1 Rb8 20. b3 Ne5 21. Be2
Nc6 22. Be1 Nb4 23. Bxb4 cxb4 24. f4 Qb7 25. Rd6 Bf8 26. Ba6 Qe7 27. Rd1 Rd8 28.
Rxd8 Qxd8 29. Bc4 a5 30. Qd3 Qf6 31. Kg2 Qa1 32. Qd2 Be7 33. Bb5 Kg7 34. Bc4 Bc5
35. Qc2 Qc3 36. Qe4 Be7 37. Qe5+ Qxe5 38. fxe5 g5 39. f4 gxf4 40. exf4 Bc5 41.
Kf3 h6 42. Ke4 Kg6 1/2-1/2

[Event "TCh-ESP Div Honor 2015"]
[Site "Linares ESP"]
[Date "2015.08.19"]
[Round "5.3"]
[Board "4"]
[White "Delchev, Aleksander"]
[Black "Congiu, Mathilde"]
[Result "1-0"]
[WhiteTitle "GM"]
[BlackTitle "WIM"]
[WhiteElo "2604"]
[BlackElo "2301"]
[WhiteTeam "Solvay"]
[BlackTeam "Chess24-VTI-Atocha"]
[WhiteFideId "2900394"]
[BlackFideId "634581"]
[EventDate "2015.08.15"]

1. d4 Nf6 2. c4 g6 3. g3 c5 4. Nf3 Bg7 5. Bg2 cxd4 6. Nxd4 Nc6 7. Nc3 O-O 8. O-O
Qa5 9. Nb3 Qh5 10. Nd5 d6 11. Nf4 Qf5 12. Re1 Qd7 13. Bd2 b6 14. Bc3 e6 15. Qc2
Bb7 16. Rad1 Qc7 17. Nd2 Ne5 18. Bxb7 Qxb7 19. Nd3 Qc7 20. Nxe5 dxe5 21. b3 Rac8
22. Qb2 Nd7 23. Ne4 Rcd8 24. Bb4 Nc5 25. Bxc5 bxc5 26. Qa3 Rxd1 27. Rxd1 Rc8 28.
Qa6 h6 29. Kg2 Kh7 30. Nd6 Rb8 31. Nb5 Qb7+ 32. Qxb7 Rxb7 33. Rd6 e4 34. Ra6 Kg8
35. Rxa7 Rxa7 36. Nxa7 Kf8 37. a4 Bc3 38. Nb5 Bb4 39. Nd6 f5 40. Nb7 Ke7 41. a5
Kd7 42. a6 Kc7 43. Nd8 Kb6 44. Nxe6 Kxa6 45. f3 Kb6 46. Nf4 g5 47. Nd5+ Ka5 48.
g4 exf3+ 49. Kxf3 fxg4+ 50. Kxg4 Ka6 51. Nxb4+ 1-0

[Event "TCh-ESP Div Honor 2015"]
[Site "Linares ESP"]
[Date "2015.08.19"]
[Round "5.3"]
[Board "5"]
[White "Plazuelo Pascual, Juan"]
[Black "Cacho Reigadas, Sergio"]
[Result "0-1"]
[WhiteTitle "FM"]
[BlackTitle "IM"]
[WhiteElo "2303"]
[BlackElo "2512"]
[WhiteTeam "Chess24-VTI-Atocha"]
[BlackTeam "Solvay"]
[WhiteFideId "32059566"]
[BlackFideId "2202450"]
[EventDate "2015.08.15"]

1. d4 c5 2. d5 d6 3. e4 Nf6 4. Nc3 g6 5. Bb5+ Bd7 6. a4 Bg7 7. Nf3 O-O 8. O-O
Na6 9. Qe2 Nc7 10. Bxd7 Nxd7 11. Re1 b6 12. Bg5 a6 13. Nd2 Rb8 14. f4 b5 15.
axb5 axb5 16. Nb3 Rb6 17. Na5 Nb8 18. Nd1 Qd7 19. c3 Ra6 20. Ne3 Re8 21. Qf3 Qc8
22. Ng4 f5 23. exf5 Qxf5 24. Ne3 Qf7 25. Nc6 Rxa1 26. Rxa1 Nxc6 27. dxc6 h6 28.
Bh4 e6 29. Bg3 Kh7 30. Ra7 Rc8 31. f5 e5 32. h3 Kh8 33. Kh2 g5 34. h4 Bf6 35.
hxg5 Bxg5 36. Ng4 h5 37. Bxe5+ dxe5 38. Nxe5 Qf6 39. Qxh5+ Kg7 40. Nf3 Qd6+ 41.
Kg1 Be3+ 42. Kh1 Rh8 43. f6+ Kg8 44. f7+ Kg7 45. f8=Q+ Qxf8 46. Rxc7+ Kg8 47.
Qxh8+ Kxh8 48. Rd7 Qh6+ 0-1

[Event "TCh-ESP Div Honor 2015"]
[Site "Linares ESP"]
[Date "2015.08.19"]
[Round "5.3"]
[Board "6"]
[White "Ubilava, Elizbar"]
[Black "Vazquez Torres, Adrian"]
[Result "1-0"]
[WhiteTitle "GM"]
[WhiteElo "2481"]
[BlackElo "2209"]
[WhiteTeam "Solvay"]
[BlackTeam "Chess24-VTI-Atocha"]
[WhiteFideId "13600052"]
[BlackFideId "2297230"]
[EventDate "2015.08.15"]

1. c4 e5 2. g3 Nc6 3. Bg2 Bc5 4. e3 d6 5. Ne2 a6 6. O-O Ba7 7. b3 h5 8. h3 h4 9.
g4 f5 10. gxf5 Bxf5 11. d4 Qd7 12. Kh2 Nf6 13. Nbc3 O-O-O 14. d5 Ne7 15. e4 Bg6
16. f4 Bh5 17. fxe5 dxe5 18. Qd3 Kb8 19. b4 Ng6 20. c5 Bxe2 21. Nxe2 Qb5 22.
Qxb5 axb5 23. a4 Rhf8 1-0

[Event "TCh-ESP Div Honor 2015"]
[Site "Linares ESP"]
[Date "2015.08.19"]
[Round "5.4"]
[Board "1"]
[White "Kryvoruchko, Yuriy"]
[Black "Sargissian, Gabriel"]
[Result "1/2-1/2"]
[WhiteTitle "GM"]
[BlackTitle "GM"]
[WhiteElo "2697"]
[BlackElo "2673"]
[WhiteTeam "Merida Patrimonio Humanidad"]
[BlackTeam "Magic Extremadura"]
[WhiteFideId "14109182"]
[BlackFideId "13300881"]
[EventDate "2015.08.15"]

1. c4 e5 2. Nc3 Nf6 3. Nf3 Nc6 4. g3 Bb4 5. Bg2 O-O 6. O-O d6 7. d3 h6 8. Bd2 a5
9. Nd5 Bc5 10. Bc3 Nd4 11. e3 Nxf3+ 12. Qxf3 Nxd5 13. cxd5 f5 14. d4 e4 15. Qe2
Bb6 16. f3 exf3 17. Rxf3 Bd7 18. Raf1 Qe7 19. Qd3 Rae8 20. Bd2 h5 21. h4 g6 22.
Rf4 Qg7 23. Bc3 Rf7 24. Kh2 Ree7 25. e4 fxe4 26. Bxe4 Rxf4 27. Rxf4 Be8 28. Bg2
Bd7 29. Be4 Be8 30. Bg2 Bd7 1/2-1/2

[Event "TCh-ESP Div Honor 2015"]
[Site "Linares ESP"]
[Date "2015.08.19"]
[Round "5.4"]
[Board "2"]
[White "Oparin, Grigoriy"]
[Black "Nisipeanu, Liviu-Dieter"]
[Result "1/2-1/2"]
[WhiteTitle "GM"]
[BlackTitle "GM"]
[WhiteElo "2564"]
[BlackElo "2667"]
[WhiteTeam "Magic Extremadura"]
[BlackTeam "Merida Patrimonio Humanidad"]
[WhiteFideId "24125890"]
[BlackFideId "1202758"]
[EventDate "2015.08.15"]

1. e4 e6 2. d4 d5 3. Nc3 Bb4 4. e5 c5 5. a3 Bxc3+ 6. bxc3 Ne7 7. Nf3 Qa5 8. Bd2
Qc7 9. h4 h6 10. h5 Bd7 11. a4 Nbc6 12. Bd3 c4 13. Be2 O-O-O 14. Nh4 Rhf8 15.
Be3 f6 16. f4 fxe5 17. fxe5 Qa5 18. Qd2 Nf5 19. Bf2 Nxh4 20. Bxh4 Rde8 21. Qe3
b5 22. Bf3 Rf7 23. O-O bxa4 24. Be1 a6 25. Bd2 Na7 26. Ra2 Ref8 27. Rfa1 Rxf3
28. gxf3 Qd8 29. Kg2 Rf5 30. Rh1 Be8 31. f4 Qe7 32. Bc1 Bxh5 33. Rxa4 Kb7 34.
Kf2 Bg4 35. Qg3 h5 36. Bd2 Nb5 37. Rha1 Nc7 38. Rb4+ Nb5 39. Rba4 Nc7 40. Rb4+
Nb5 41. Rba4 1/2-1/2

[Event "TCh-ESP Div Honor 2015"]
[Site "Linares ESP"]
[Date "2015.08.19"]
[Round "5.4"]
[Board "3"]
[White "Saric, Ivan"]
[Black "Svetushkin, Dmitry"]
[Result "1/2-1/2"]
[WhiteTitle "GM"]
[BlackTitle "GM"]
[WhiteElo "2661"]
[BlackElo "2580"]
[WhiteTeam "Merida Patrimonio Humanidad"]
[BlackTeam "Magic Extremadura"]
[WhiteFideId "14508150"]
[BlackFideId "13900463"]
[EventDate "2015.08.15"]

1. e4 e5 2. Nf3 Nc6 3. Bb5 a6 4. Ba4 Nf6 5. O-O Be7 6. d3 b5 7. Bb3 O-O 8. Nc3
Bb7 9. Re1 d6 10. a3 Qd7 11. Bd2 Rfe8 12. h3 Nd8 13. Ba2 Ne6 14. b4 Bf8 15. Nd5
Nxd5 16. exd5 Nd4 17. Nxd4 exd4 18. Qf3 g6 19. Re4 Bg7 20. Rae1 Re5 21. Bf4 Rxe4
22. dxe4 Re8 23. Qd3 f5 24. f3 Qf7 25. Bg3 Bc8 26. Bb3 fxe4 27. fxe4 Be5 28.
Bxe5 Rxe5 29. Qxd4 Bxh3 30. Qf2 Rg5 31. Qxf7+ Kxf7 32. Kh2 Bd7 33. c4 Ke7 34. c5
h5 35. g3 Re5 36. Bc2 g5 37. Rf1 c6 38. Rd1 Bg4 39. Rd2 cxd5 40. exd5 Bf3 41.
Bd1 Rxd5 42. Rxd5 Bxd5 43. cxd6+ Kxd6 44. Bxh5 Ke5 45. Kg1 Kd4 46. Kf2 Bb7 47.
Bg4 Kc3 48. Ke3 Kb3 49. Kd4 Kxa3 50. Kc5 a5 51. Kb6 Kxb4 52. Kxb7 a4 53. Kb6 a3
54. Be6 g4 55. Kc6 Kc3 56. Kxb5 Kd4 57. Kb4 Ke3 58. Kxa3 Kf2 59. Bxg4 1/2-1/2

[Event "TCh-ESP Div Honor 2015"]
[Site "Linares ESP"]
[Date "2015.08.19"]
[Round "5.4"]
[Board "4"]
[White "Perez Candelario, Manuel"]
[Black "Landa, Konstantin"]
[Result "1/2-1/2"]
[WhiteTitle "GM"]
[BlackTitle "GM"]
[WhiteElo "2569"]
[BlackElo "2624"]
[WhiteTeam "Magic Extremadura"]
[BlackTeam "Merida Patrimonio Humanidad"]
[WhiteFideId "2210622"]
[BlackFideId "4101685"]
[EventDate "2015.08.15"]

1. e4 c6 2. Nc3 d5 3. Nf3 Nf6 4. e5 Ne4 5. Ne2 Qb6 6. d4 e6 7. Ng3 c5 8. Bd3
Nxg3 9. hxg3 cxd4 10. a3 Nc6 11. b4 Bd7 12. Kf1 Be7 13. Bb2 a6 14. Rb1 f6 15.
exf6 Bxf6 16. g4 O-O-O 17. g5 Be7 18. Ba1 Qc7 19. b5 axb5 20. Bxb5 e5 21. c3
dxc3 22. Bxc3 d4 23. Be1 e4 24. Nd2 e3 25. Nc4 Bc5 26. Qa4 Rdf8 27. Na5 Qg3 28.
Rb2 Rxf2+ 29. Rxf2 exf2 30. Bxf2 Rf8 31. Qc2 Qc3 1/2-1/2

[Event "TCh-ESP Div Honor 2015"]
[Site "Linares ESP"]
[Date "2015.08.19"]
[Round "5.4"]
[Board "5"]
[White "Korneev, Oleg"]
[Black "Antipov, Mikhail Al."]
[Result "1/2-1/2"]
[WhiteTitle "GM"]
[BlackTitle "GM"]
[WhiteElo "2569"]
[BlackElo "2515"]
[WhiteTeam "Merida Patrimonio Humanidad"]
[BlackTeam "Magic Extremadura"]
[WhiteFideId "4156803"]
[BlackFideId "4107012"]
[EventDate "2015.08.15"]

1. e4 e6 2. d4 d5 3. Nd2 Be7 4. Bd3 c5 5. dxc5 Nf6 6. Qe2 Nc6 7. Ngf3 Nb4 8. O-O
O-O 9. Nb3 a5 10. a4 b6 11. e5 Nd7 12. c6 Nc5 13. Bb5 Nxb3 14. cxb3 Qc7 15. Be3
Nxc6 16. Rac1 Bd7 17. Nd4 Bc5 18. Nxc6 Bxc6 19. Bxc5 bxc5 20. Rxc5 Bxb5 21. Rxb5
Rfb8 22. Re1 Rxb5 23. Qxb5 Rb8 24. Qd3 Rb4 25. g3 g6 26. h4 h5 27. Re2 Qb7 28.
Re3 Kg7 29. Kh2 d4 30. Re2 Qd5 31. Re4 Rxb3 32. Qxd4 Qxd4 33. Rxd4 Rxb2 34. Kg1
Rb4 35. Rd7 Rxa4 36. Ra7 Ra3 37. Kg2 a4 38. Ra8 Ra1 39. Kf3 a3 40. Kf4 Rf1 41.
Kf3 Ra1 42. Kf4 Ra2 43. Ke3 Kh7 44. Rf8 Kg7 45. Ra8 g5 46. hxg5 Kg6 47. Rg8+ Kf5
48. Rg7 Rb2 49. Rxf7+ Kxg5 50. Rg7+ Kh6 51. Ra7 a2 52. f4 Kg6 53. Ke4 Rb4+ 54.
Kf3 Rb3+ 55. Ke4 1/2-1/2

[Event "TCh-ESP Div Honor 2015"]
[Site "Linares ESP"]
[Date "2015.08.19"]
[Round "5.4"]
[Board "6"]
[White "Santos Latasa, Jaime"]
[Black "Larino Nieto, David"]
[Result "0-1"]
[WhiteTitle "IM"]
[BlackTitle "GM"]
[WhiteElo "2521"]
[BlackElo "2463"]
[WhiteTeam "Magic Extremadura"]
[BlackTeam "Merida Patrimonio Humanidad"]
[WhiteFideId "2293307"]
[BlackFideId "2256444"]
[EventDate "2015.08.15"]

1. Nf3 d6 2. c4 Nf6 3. Nc3 e5 4. g3 g6 5. d4 Nbd7 6. Bg2 Bg7 7. O-O O-O 8. e4
exd4 9. Nxd4 Nc5 10. b4 Ne6 11. Nb3 a5 12. bxa5 Nd7 13. Qc2 Nd4 14. Nxd4 Bxd4
15. Bh6 Re8 16. Rad1 Bh8 17. Nb5 Rxa5 18. Rfe1 Ne5 19. Bd2 Ra8 20. f4 c6 21. Nd4
Qb6 22. Bc3 Nxc4 23. Kh1 Bg4 24. Rd3 d5 25. exd5 Rxe1+ 26. Bxe1 Bxd4 27. Qxc4
Re8 28. Qc1 Qb2 29. Qd2 Qb1 0-1

[Event "TCh-ESP Div Honor 2015"]
[Site "Linares ESP"]
[Date "2015.08.20"]
[Round "6.1"]
[Board "1"]
[White "Van Wely, Loek"]
[Black "Sargissian, Gabriel"]
[Result "1/2-1/2"]
[WhiteTitle "GM"]
[BlackTitle "GM"]
[WhiteElo "2654"]
[BlackElo "2673"]
[WhiteTeam "Gros Xake Taldea"]
[BlackTeam "Magic Extremadura"]
[WhiteFideId "1000268"]
[BlackFideId "13300881"]
[EventDate "2015.08.15"]

1. Nf3 d5 2. g3 Nf6 3. Bg2 e6 4. O-O Be7 5. d3 O-O 6. Nbd2 Nc6 7. e4 dxe4 8.
dxe4 e5 9. c3 a5 10. a4 Bc5 11. h3 b6 12. Re1 Nb8 13. Rf1 Be7 14. Nb1 Nc6 15.
Nbd2 Bc5 16. Re1 Ba6 17. Bf1 Bxf1 18. Kxf1 Qd7 19. Kg2 Qd3 20. Qe2 Qxe2 21. Rxe2
Rfd8 22. Re1 Nd7 23. Nc4 f6 24. Nfd2 Ncb8 25. Nb3 Na6 26. Kf3 Nf8 27. Ne3 Ne6
28. h4 Rd7 29. Nd5 h5 30. Ke2 Rad8 31. f3 Kf7 32. Rf1 Bf8 33. Be3 Nac5 34. Nd2
Na6 35. Nb3 Bd6 1/2-1/2

[Event "TCh-ESP Div Honor 2015"]
[Site "Linares ESP"]
[Date "2015.08.20"]
[Round "6.1"]
[Board "2"]
[White "Oparin, Grigoriy"]
[Black "Naiditsch, Arkadij"]
[Result "1-0"]
[WhiteTitle "GM"]
[BlackTitle "GM"]
[WhiteElo "2564"]
[BlackElo "2685"]
[WhiteTeam "Magic Extremadura"]
[BlackTeam "Gros Xake Taldea"]
[WhiteFideId "24125890"]
[BlackFideId "4650891"]
[EventDate "2015.08.15"]

1. e4 e5 2. Nf3 Nc6 3. Bb5 Nf6 4. d3 d6 5. O-O Be7 6. c3 O-O 7. Nbd2 a6 8. Ba4
b5 9. Bc2 d5 10. d4 Bg4 11. h3 Bh5 12. Nb1 Nb8 13. Nbd2 Nc6 14. Ba4 Bg4 15. Bc2
Bh5 16. exd5 Qxd5 17. g4 Bg6 18. Bxg6 fxg6 19. Nxe5 Nxe5 20. dxe5 Nd7 21. Qb3
Qxb3 22. axb3 Nxe5 23. Ne4 Rae8 24. Be3 Nf3+ 25. Kh1 Bh4 26. Nc5 Bg3 27. Rxa6
Bd6 28. Nb7 Nh4 29. Rd1 Be5 30. Nc5 Rf3 31. Re6 Rxh3+ 32. Kg1 Bh2+ 33. Kf1 Rf8
34. Ke2 Ng2 35. Rd7 Nxe3 36. fxe3 Bg1 37. Ree7 Kh8 38. Rxc7 h5 39. g5 Rg8 40.
Nd7 Rh2+ 41. Kf1 Ra8 42. Kxg1 Rxb2 43. Rf7 Rxb3 44. Ne5 Ra1+ 45. Kg2 1-0

[Event "TCh-ESP Div Honor 2015"]
[Site "Linares ESP"]
[Date "2015.08.20"]
[Round "6.1"]
[Board "3"]
[White "Franco Alonso, Alejandro"]
[Black "Svetushkin, Dmitry"]
[Result "0-1"]
[WhiteTitle "IM"]
[BlackTitle "GM"]
[WhiteElo "2459"]
[BlackElo "2580"]
[WhiteTeam "Gros Xake Taldea"]
[BlackTeam "Magic Extremadura"]
[WhiteFideId "2214067"]
[BlackFideId "13900463"]
[EventDate "2015.08.15"]

1. d4 Nf6 2. Nf3 d5 3. c4 c6 4. e3 Bf5 5. Nc3 a6 6. a4 e6 7. Qb3 Qc7 8. Bd2 h6
9. Rc1 Bd6 10. Be2 O-O 11. O-O Nbd7 12. Rfd1 a5 13. h3 Rfb8 14. Be1 Qd8 15. Nd2
Qe7 16. Bf3 Bb4 17. Na2 Bd6 18. Nc3 Bg6 19. g3 Bb4 20. Na2 Bd6 21. Nc3 Bb4 22.
Na2 Bxd2 23. Bxd2 Be4 24. Be2 dxc4 25. Qa3 Qd8 26. f3 b5 27. axb5 Rxb5 28. Nc3
Qb8 29. Be1 Rb3 30. Qa4 Nb6 31. Qa1 Bg6 32. e4 Nh5 33. Kg2 a4 34. Rc2 a3 35.
bxa3 Raxa3 36. Qc1 Nd5 37. f4 Nxc3 38. Rxc3 Bxe4+ 39. Kf2 Ra2 40. Rd2 Rb1 41.
Rxa2 Rxc1 42. Rxc1 Nxg3 0-1

[Event "TCh-ESP Div Honor 2015"]
[Site "Linares ESP"]
[Date "2015.08.20"]
[Round "6.1"]
[Board "4"]
[White "Antipov, Mikhail Al."]
[Black "Gonzalez De La Torre, Santiago"]
[Result "1-0"]
[WhiteTitle "GM"]
[BlackTitle "IM"]
[WhiteElo "2515"]
[BlackElo "2438"]
[WhiteTeam "Magic Extremadura"]
[BlackTeam "Gros Xake Taldea"]
[WhiteFideId "4107012"]
[BlackFideId "2221667"]
[EventDate "2015.08.15"]

1. e4 d6 2. g3 Nf6 3. Bg2 e5 4. Nc3 g6 5. Nge2 Bg7 6. O-O O-O 7. h3 Re8 8. d3 c6
9. f4 exf4 10. Nxf4 Nbd7 11. g4 h6 12. Qf3 b5 13. Bd2 Bb7 14. Rae1 b4 15. Nd1
Qa5 16. Ne3 Qc5 17. Kh1 a5 18. h4 Re7 19. Qg3 Rae8 20. h5 Kh7 21. hxg6+ fxg6 22.
Nxg6 Kxg6 23. Rf5 Re5 24. Nc4 Bf8 25. Be3 Qb5 26. Nxe5+ dxe5 27. Ref1 Re6 28. g5
hxg5 29. Rxg5+ Kf7 30. Bh3 c5 31. Bxe6+ Kxe6 32. Qh3+ Kf7 33. Qh7+ Ke6 34. Rxf6+
Nxf6 35. Qf5+ Kf7 36. Qg6+ Ke7 37. Rxe5+ 1-0

[Event "TCh-ESP Div Honor 2015"]
[Site "Linares ESP"]
[Date "2015.08.20"]
[Round "6.1"]
[Board "5"]
[White "Argandona Riveiro, Inigo"]
[Black "Santos Latasa, Jaime"]
[Result "1-0"]
[WhiteTitle "IM"]
[BlackTitle "IM"]
[WhiteElo "2429"]
[BlackElo "2521"]
[WhiteTeam "Gros Xake Taldea"]
[BlackTeam "Magic Extremadura"]
[WhiteFideId "2212072"]
[BlackFideId "2293307"]
[EventDate "2015.08.15"]

1. Nf3 Nf6 2. c4 b6 3. g3 Bb7 4. Bg2 g6 5. O-O Bg7 6. Nc3 O-O 7. Re1 Ne4 8. Nxe4
Bxe4 9. d3 Bb7 10. e4 c5 11. d4 cxd4 12. Nxd4 Nc6 13. Be3 Rc8 14. b3 d6 15. Qd2
a6 16. Rad1 Qc7 17. h4 Ne5 18. Bh6 Qc5 19. Bxg7 Kxg7 20. Qg5 e6 21. Qe7 1-0

[Event "TCh-ESP Div Honor 2015"]
[Site "Linares ESP"]
[Date "2015.08.20"]
[Round "6.1"]
[Board "6"]
[White "Moreno Tejera, Emilio"]
[Black "Etchegaray, Patrice"]
[Result "1/2-1/2"]
[WhiteTitle "IM"]
[BlackTitle "IM"]
[WhiteElo "2444"]
[BlackElo "2393"]
[WhiteTeam "Magic Extremadura"]
[BlackTeam "Gros Xake Taldea"]
[WhiteFideId "2227584"]
[BlackFideId "601047"]
[EventDate "2015.08.15"]

1. e4 c5 2. Nc3 e6 3. Nf3 Nc6 4. d4 cxd4 5. Nxd4 Nf6 6. a3 Qc7 7. Be3 a6 8. Be2
b5 9. Nxc6 dxc6 10. f4 Bb7 11. e5 Rd8 12. Qc1 Nd5 13. Nxd5 cxd5 14. Bd4 Bc5 15.
c3 Bxd4 16. cxd4 Qxc1+ 17. Rxc1 Kd7 18. Kd2 Rc8 19. Bd3 g6 20. Rxc8 Rxc8 21. g4
Bc6 22. b4 Ke7 23. h4 Bd7 24. h5 Rg8 25. Ke3 Rc8 26. Kd2 Rg8 27. Rh2 Rc8 28. Rh4
Rg8 29. Kc3 Rc8+ 30. Kb2 Rg8 31. Rh1 Rc8 32. Rh3 Rg8 33. Bb1 Rc8 34. Ba2 Rg8 35.
Kc3 Rc8+ 36. Kd2 Rg8 37. Bb3 Rc8 38. Rh1 Rg8 39. Bd1 Ra8 40. Rh3 Rc8 41. Be2 Rb8
42. hxg6 hxg6 43. Rh7 Rc8 44. Bd3 Rg8 45. Ke3 Bc8 46. Kf3 Bd7 47. Kg3 Bc8 48.
Kh4 Bd7 49. Kg5 Bc8 50. Kh6 Bd7 51. Rg7 Rh8+ 52. Rh7 Rg8 53. Bb1 Be8 54. Bd3 Bd7
55. Kg5 Bc8 56. Bc2 Bd7 57. Kh6 Be8 58. Bd3 Bd7 59. Kg5 Be8 60. Rh1 Bd7 61. Rh2
Rc8 62. Rc2 Rh8 63. Rc7 Rh3 64. Rc3 Rg3 65. Kh4 Rf3 66. Kg5 Rg3 67. Kh4 Rf3 1/2-1/2